<?xml version="1.0" encoding="UTF-8"?>
<record
    xmlns:xsi="http://www.w3.org/2001/XMLSchema-instance"
    xsi:schemaLocation="http://www.loc.gov/MARC21/slim http://www.loc.gov/standards/marcxml/schema/MARC21slim.xsd"
    xmlns="http://www.loc.gov/MARC21/slim">

  <leader>01593nam a2200289 a 4500</leader>
  <controlfield tag="003">DO-SdBNP</controlfield>
  <controlfield tag="005">20250521125724.0</controlfield>
  <controlfield tag="007">ta</controlfield>
  <controlfield tag="008">220725e2010    dr a|||fr|||| 001 0 spa d</controlfield>
  <datafield tag="020" ind1=" " ind2=" ">
    <subfield code="a">9789945442878</subfield>
  </datafield>
  <datafield tag="040" ind1=" " ind2=" ">
    <subfield code="a">DO-SdBNP</subfield>
    <subfield code="b">spa</subfield>
    <subfield code="c">BNPHU</subfield>
  </datafield>
  <datafield tag="082" ind1=" " ind2="4">
    <subfield code="2">22</subfield>
    <subfield code="b">I59a</subfield>
  </datafield>
  <datafield tag="110" ind1="2" ind2=" ">
    <subfield code="9">6366</subfield>
    <subfield code="a">Instituto Nacional de Recursos Hidr&#xE1;ulicos (Rep&#xFA;blica Dominicana)</subfield>
  </datafield>
  <datafield tag="245" ind1="1" ind2="0">
    <subfield code="a">Aumento de la oferta h&#xED;drica. /</subfield>
    <subfield code="c">Pr&#xF3;logo, Francisco T. Rodr&#xED;guez</subfield>
  </datafield>
  <datafield tag="260" ind1=" " ind2=" ">
    <subfield code="a">Santo Domingo :</subfield>
    <subfield code="b">INDRHI, </subfield>
  </datafield>
  <datafield tag="300" ind1=" " ind2=" ">
    <subfield code="a">179 p. : </subfield>
    <subfield code="b">il., fotogrf. ;</subfield>
    <subfield code="c">26 cm</subfield>
  </datafield>
  <datafield tag="500" ind1=" " ind2=" ">
    <subfield code="a">Incluye &#xED;ndice.</subfield>
  </datafield>
  <datafield tag="500" ind1=" " ind2=" ">
    <subfield code="a">Incluye glosario de t&#xE9;rminos p. 177</subfield>
  </datafield>
  <datafield tag="505" ind1="0" ind2=" ">
    <subfield code="a">Pr&#xF3;logo.</subfield>
  </datafield>
  <datafield tag="505" ind1="0" ind2=" ">
    <subfield code="a">Introducci&#xF3;n.</subfield>
    <subfield code="g">Cap&#xED;tulo I.</subfield>
    <subfield code="t">Perspectiva del aumento de la oferta h&#xED;drica. /</subfield>
    <subfield code="r">Ing. Francisco T. Rodr&#xED;guez.--</subfield>
    <subfield code="g">Cap&#xED;tulo II.</subfield>
    <subfield code="t">Captaci&#xF3;n o cosecha de agua de lluvia. Dise&#xF1;o de sistemas de capataci&#xF3;n de agua de lluvia. / </subfield>
    <subfield code="r">Dr. Manuel Anaya Gardu&#xF1;o.--</subfield>
    <subfield code="g">Cap&#xED;tulo III. </subfield>
    <subfield code="t">Reuso de agua./</subfield>
    <subfield code="r">Ingeniero Civil. M. Sc. Manuel Cerda Gaete.--</subfield>
    <subfield code="g">Cap&#xED;tulo IV. </subfield>
    <subfield code="t">Recarga controlada de acu&#xED;feros. /</subfield>
    <subfield code="r">M: Sc. Carlos Guti&#xE9;rrez Ojeda.--</subfield>
    <subfield code="g">Cap&#xED;tulo V.</subfield>
    <subfield code="t">Aplicaci&#xF3;n de indice de sustentabilidad de cuencas. /</subfield>
    <subfield code="r">Ing.  M:Sc (c) A. Elizabeth Cort&#xE9; e ing. Magister Jorge N&#xFA;&#xF1;ez.--</subfield>
    <subfield code="t">Referencias Bibliogr&#xE1;ficas</subfield>
    <subfield code="t">&#xCD;ndices de cuadros.--</subfield>
    <subfield code="t">&#xCD;ndices de figuras.--</subfield>
    <subfield code="t">Glosrio.</subfield>
  </datafield>
  <datafield tag="590" ind1=" " ind2=" ">
    <subfield code="a">Inventariado 2022 / MF</subfield>
  </datafield>
  <datafield tag="650" ind1=" " ind2="0">
    <subfield code="a">Abastecimiento de agua </subfield>
    <subfield code="9">11680</subfield>
    <subfield code="z">Rep&#xFA;blica Dominicana</subfield>
  </datafield>
  <datafield tag="650" ind1=" " ind2="7">
    <subfield code="a">Rcursos H&#xED;dricos</subfield>
    <subfield code="9">14491</subfield>
    <subfield code="z">Rep&#xFA;blica Dominicana</subfield>
    <subfield code="2">LEMB</subfield>
  </datafield>
  <datafield tag="700" ind1="1" ind2=" ">
    <subfield code="9">65141</subfield>
    <subfield code="a">Rodr&#xED;guez T., Francisco</subfield>
    <subfield code="e">pr&#xF3;l.</subfield>
  </datafield>
  <datafield tag="910" ind1=" " ind2=" ">
    <subfield code="a">MFeliz</subfield>
  </datafield>
  <datafield tag="942" ind1=" " ind2=" ">
    <subfield code="2">ddc</subfield>
    <subfield code="c">LBS1</subfield>
  </datafield>
  <datafield tag="952" ind1=" " ind2=" ">
    <subfield code="0">0</subfield>
    <subfield code="1">0</subfield>
    <subfield code="2">ddc</subfield>
    <subfield code="5">1</subfield>
    <subfield code="7">0</subfield>
    <subfield code="8">DS</subfield>
    <subfield code="a">BNPHU</subfield>
    <subfield code="b">BNPHU</subfield>
    <subfield code="c">CT</subfield>
    <subfield code="d">2018-07-25</subfield>
    <subfield code="e">Donado por CERTV</subfield>
    <subfield code="l">0</subfield>
    <subfield code="o">I59a</subfield>
    <subfield code="p">2022-3553</subfield>
    <subfield code="r">2022-07-25</subfield>
    <subfield code="w">2022-07-25</subfield>
    <subfield code="y">LBS1</subfield>
  </datafield>
  <datafield tag="999" ind1=" " ind2=" ">
    <subfield code="c">52225</subfield>
    <subfield code="d">52225</subfield>
  </datafield>
</record>
